[Event "CZE-chT2E 2122"]
[Site "Czech Republic"]
[Date "2022.01.16"]
[Round "6.8"]
[White "Balsinek, Pavel"]
[Black "Skorepa, Tomas"]
[Result "1-0"]
[WhiteElo "1990"]
[BlackElo "2003"]
[PlyCount "57"]
[EventDate "2021.10.17"]
[EventType "team-tourn"]
[EventRounds "11"]
[EventCountry "CZE"]
[SourceTitle "EXT 2024"]
[Source "ChessBase"]
[SourceDate "2023.10.10"]
[SourceVersion "1"]
[SourceVersionDate "2023.10.10"]
[SourceQuality "1"]
[WhiteTeam "Prusanky Podluzan"]
[BlackTeam "Jihlava Gambit"]
[WhiteTeamCountry "CZE"]
[BlackTeamCountry "CZE"]

1. e4 c5 2. Nf3 e6 3. d4 cxd4 4. Nxd4 a6 5. Bd3 Qc7 6. c4 Nf6 7. Nc3 Be7 8. 0-0 0-0 9. Be3 d6 10. Rc1 Nbd7 11. f4 b6 12. Qf3 Bb7 13. g4 Rac8 14. g5 Ne8 15. Qh3 Qd8 16. Nf3 g6 17. Rcd1 Nc5 18. Bb1 b5 19. cxb5 axb5 20. e5 b4 21. Ne2 Qa5 22. Ng3 dxe5 23. Nxe5 Ng7 24. Ng4 Nf5 25. Nxf5 exf5 26. Nh6+ Kg7 27. Nxf5+ gxf5 28. Qh6+ Kg8 29. Bxf5 1-0

[Event "CZE-chT2C 1718"]
[Site "Czech Republic"]
[Date "2017.10.15"]
[Round "1.8"]
[White "Skorepa, Tomas"]
[Black "Splichal, Petr"]
[Result "1-0"]
[WhiteElo "1997"]
[BlackElo "1991"]
[PlyCount "95"]
[EventDate "2017.10.15"]
[EventType "team-tourn"]
[EventRounds "11"]
[EventCountry "CZE"]
[SourceTitle "EXT 2022"]
[Source "ChessBase"]
[SourceDate "2021.10.06"]
[SourceVersion "1"]
[SourceVersionDate "2021.10.06"]
[SourceQuality "1"]
[WhiteTeam "Jihlava Gambit"]
[BlackTeam "Unichess Vyletna"]
[WhiteTeamCountry "CZE"]
[BlackTeamCountry "CZE"]

1. e4 e6 2. d4 d5 3. Nd2 Nc6 4. Ngf3 Nf6 5. e5 Nd7 6. c3 f6 7. exf6 Qxf6 8. Bb5 Bd6 9. Qe2 0-0 10. 0-0 e5 11. Bxc6 bxc6 12. dxe5 Nxe5 13. Nxe5 Bxe5 14. Re1 Bd6 15. Nf1 Bg4 16. f3 Bd7 17. Be3 c5 18. Qf2 c4 19. Bxa7 Rfe8 20. Bd4 Qf8 21. Rxe8 Bxe8 22. a3 Rb8 23. Rd1 Ba4 24. Rd2 Re8 25. Re2 Bf4 26. Rxe8 Bxe8 27. Bc5 Bd6 28. Bxd6 Qxd6 29. Ne3 Bd7 30. Qd2 Be6 31. g3 Qb6 32. Kf1 c6 33. Qe2 c5 34. Nxd5 Qd6 35. Nf4 Bf7 36. Kf2 g5 37. Ng2 Kf8 38. Ne3 Qd3 39. Qxd3 cxd3 40. c4 Ke7 41. Ke1 Ke6 42. f4 h6 43. Kd2 Bg6 44. f5+ Bxf5 45. Nxf5 Kxf5 46. Kxd3 Kg4 47. a4 Kh3 48. a5 1-0

[Event "CZE-chT2D 1617"]
[Site "Czech Republic"]
[Date "2017.03.19"]
[Round "10.6"]
[White "Skorepa, Tomas"]
[Black "Vavra, Radim"]
[Result "1-0"]
[WhiteElo "2012"]
[BlackElo "2090"]
[PlyCount "77"]
[EventDate "2016.10.09"]
[EventType "team-tourn"]
[EventRounds "11"]
[EventCountry "CZE"]
[SourceTitle "EXT 2022"]
[Source "ChessBase"]
[SourceDate "2021.10.06"]
[SourceVersion "1"]
[SourceVersionDate "2021.10.06"]
[SourceQuality "1"]
[WhiteTeam "Jihlava Gambit"]
[BlackTeam "Pardubice Rapid II"]
[WhiteTeamCountry "CZE"]
[BlackTeamCountry "CZE"]

1. e4 c5 2. Nf3 d6 3. d4 cxd4 4. Nxd4 Nf6 5. Nc3 Nc6 6. Be2 e6 7. Bg5 Be7 8. Qd2 Qa5 9. Nb3 Qd8 10. Nd4 a6 11. Rd1 Nxd4 12. Qxd4 Qa5 13. Be3 b5 14. a3 Bb7 15. 0-0 0-0 16. f4 Rac8 17. Bf3 Rfd8 18. Qa7 Qc7 19. Bb6 Qc6 20. e5 d5 21. exf6 gxf6 22. Bf2 Bd6 23. Qd4 Kg7 24. Rfe1 Bxa3 25. bxa3 Qxc3 26. Qb6 Qc6 27. Rd2 Rd6 28. Qxc6 Rdxc6 29. Bd1 Rc3 30. Re3 e5 31. fxe5 Rxe3 32. exf6+ Kxf6 33. Bxe3 Rc4 34. Bd4+ Ke6 35. c3 a5 36. Rb2 Bc6 37. Rf2 Bb7 38. Rf6+ Ke7 39. Rb6 1-0

[Event "CZE-chT2D 1617"]
[Site "Czech Republic"]
[Date "2016.11.27"]
[Round "4.6"]
[White "Svizensky, Lubos"]
[Black "Skorepa, Tomas"]
[Result "1/2-1/2"]
[WhiteElo "1968"]
[BlackElo "2012"]
[PlyCount "41"]
[EventDate "2016.10.09"]
[EventType "team-tourn"]
[EventRounds "11"]
[EventCountry "CZE"]
[SourceTitle "EXT 2022"]
[Source "ChessBase"]
[SourceDate "2021.10.06"]
[SourceVersion "1"]
[SourceVersionDate "2021.10.06"]
[SourceQuality "1"]
[WhiteTeam "Dalesice Pivovar"]
[BlackTeam "Jihlava Gambit"]
[WhiteTeamCountry "CZE"]
[BlackTeamCountry "CZE"]

1. d4 d5 2. Nf3 Nf6 3. c4 c6 4. Nc3 e6 5. Bg5 Be7 6. e3 Nbd7 7. h3 0-0 8. cxd5 exd5 9. Bf4 Nh5 10. Bh2 f5 11. Ne5 Nxe5 12. Bxe5 Nf6 13. Bd3 Bd6 14. f4 Bxe5 15. fxe5 Ne4 16. 0-0 Qg5 17. Rf4 Be6 18. Qe2 Ng3 19. Qf2 Nh5 20. Rf3 g6 21. Ne2 1/2-1/2

[Event "CZE-chT2D 1617"]
[Site "Czech Republic"]
[Date "2016.10.30"]
[Round "2.7"]
[White "Skorepa, Tomas"]
[Black "Nespurek, Jan"]
[Result "1-0"]
[WhiteElo "2012"]
[BlackElo "1621"]
[PlyCount "107"]
[EventDate "2016.10.09"]
[EventType "team-tourn"]
[EventRounds "11"]
[EventCountry "CZE"]
[SourceTitle "EXT 2022"]
[Source "ChessBase"]
[SourceDate "2021.10.06"]
[SourceVersion "1"]
[SourceVersionDate "2021.10.06"]
[SourceQuality "1"]
[WhiteTeam "Jihlava Gambit"]
[BlackTeam "Polabiny III"]
[WhiteTeamCountry "CZE"]
[BlackTeamCountry "CZE"]

1. e4 e5 2. Nf3 Nc6 3. Bc4 Bc5 4. c3 Nf6 5. d3 0-0 6. 0-0 d6 7. h3 Be6 8. Bb3 h6 9. Be3 Bb6 10. Nbd2 d5 11. Bxb6 axb6 12. exd5 Nxd5 13. Nc4 Nf4 14. Ncxe5 Bxb3 15. Qxb3 Nxe5 16. Nxe5 Qg5 17. Ng4 h5 18. Ne3 Nxh3+ 19. Kh2 Nxf2 20. Rxf2 Qxe3 21. Raf1 Qe6 22. c4 Rad8 23. Rf3 Rd7 24. Qb5 Qd6+ 25. Kh1 g6 26. Qg5 Qd4 27. Rh3 Qg4 28. Qf6 Re8 29. Rff3 Re6 30. Qc3 Rde7 31. Rf1 Re2 32. Rh2 h4 33. Qf6 Re1 34. Rh3 Qd1 35. Rhf3 Rxf1+ 36. Rxf1 Qxd3 37. b3 Rd7 38. Re1 Rd8 39. Re7 Qd1+ 40. Kh2 Qd6+ 41. Qxd6 cxd6 42. Rxb7 d5 43. cxd5 Rxd5 44. Rxb6 Ra5 45. a4 Kg7 46. Rb4 g5 47. Rb5 Ra7 48. Rxg5+ Kh6 49. Rb5 f6 50. Kh3 Rg7 51. a5 Rg3+ 52. Kh2 f5 53. a6 Rg6 54. Ra5 1-0

[Event "CZE-chT2E 1516"]
[Site "Czech Republic"]
[Date "2016.01.10"]
[Round "5.8"]
[White "Skorepa, Tomas"]
[Black "Vrtal, Jaroslav"]
[Result "0-1"]
[WhiteElo "2015"]
[BlackElo "2090"]
[PlyCount "44"]
[EventDate "2015.10.18"]
[EventType "team-tourn"]
[EventRounds "11"]
[EventCountry "CZE"]
[SourceTitle "EXT 2022"]
[Source "ChessBase"]
[SourceDate "2021.10.06"]
[SourceVersion "1"]
[SourceVersionDate "2021.10.06"]
[SourceQuality "1"]
[WhiteTeam "Jihlava Silko Gambit"]
[BlackTeam "Prusanky Podluzan"]
[WhiteTeamCountry "CZE"]
[BlackTeamCountry "CZE"]

1. e4 c5 2. Nf3 d6 3. d4 cxd4 4. Nxd4 Nf6 5. Nc3 a6 6. Be2 e6 7. Bg5 Be7 8. Qd2 0-0 9. f4 Qc7 10. Nf3 Nc6 11. 0-0-0 Rd8 12. Rdg1 b5 13. Bd3 Bb7 14. g4 b4 15. Nd1 d5 16. exd5 Rxd5 17. Qe2 Nd4 18. Qf2 Nxf3 19. Bxf6 Rxd3 20. Bxe7 Nxg1 21. Rxg1 Rxd1+ 22. Rxd1 Qxe7 0-1

[Event "CZE-ch op"]
[Site "Havlickuv Brod"]
[Date "2015.05.20"]
[Round "6"]
[White "Bartos, Jan"]
[Black "Skorepa, Tomas"]
[Result "1/2-1/2"]
[WhiteElo "2214"]
[BlackElo "2000"]
[PlyCount "56"]
[EventDate "2015.05.16"]
[EventType "swiss"]
[EventRounds "9"]
[EventCountry "CZE"]
[SourceTitle "CBM 166 Extra"]
[Source "ChessBase"]
[SourceDate "2015.06.18"]
[SourceVersion "1"]
[SourceVersionDate "2015.06.18"]
[SourceQuality "1"]

1. d4 d5 2. c4 c6 3. e3 Nf6 4. Nc3 e6 5. Nf3 Nbd7 6. Bd3 dxc4 7. Bxc4 b5 8. Be2 Bb7 9. 0-0 Be7 10. a3 a5 11. Qc2 0-0 12. Rd1 Qb8 13. e4 b4 14. Na4 c5 15. e5 Be4 16. Bd3 Bxd3 17. Qxd3 Nd5 18. Bg5 Qd8 19. Bxe7 Qxe7 20. dxc5 Rfc8 21. Rac1 Nxc5 22. Nxc5 Rxc5 23. Rxc5 Qxc5 24. Ng5 g6 25. Ne4 Qc6 26. Nf6+ Nxf6 27. exf6 h5 28. Qe3 Qc2 1/2-1/2

[Event "CZE-chT2C 1415"]
[Site "Czech Republic"]
[Date "2015.02.08"]
[Round "7.6"]
[White "Vyprachticky, David"]
[Black "Skorepa, Tomas"]
[Result "1/2-1/2"]
[WhiteElo "2146"]
[BlackElo "1894"]
[PlyCount "120"]
[EventDate "2014.11.02"]
[EventType "team-tourn"]
[EventRounds "11"]
[EventCountry "CZE"]
[SourceTitle "EXT 2022"]
[Source "ChessBase"]
[SourceDate "2021.10.06"]
[SourceVersion "1"]
[SourceVersionDate "2021.10.06"]
[SourceQuality "1"]
[WhiteTeam "Praha Oaza"]
[BlackTeam "Jihlava Silko Gambit"]
[WhiteTeamCountry "CZE"]
[BlackTeamCountry "CZE"]

1. d4 d5 2. c4 c6 3. Nf3 Nf6 4. Nc3 e6 5. Bg5 Nbd7 6. e3 Bd6 7. Bd3 0-0 8. 0-0 Re8 9. e4 dxe4 10. Nxe4 Be7 11. Nxf6+ Bxf6 12. Bxf6 Qxf6 13. Re1 c5 14. Qc2 h6 15. d5 Nb6 16. a4 a5 17. Qb3 Nd7 18. dxe6 Rxe6 19. Rxe6 Qxe6 20. Re1 Qd6 21. Re8+ Nf8 22. Be4 Rb8 23. Bd5 b6 24. Qe3 Be6 25. Rxb8 Qxb8 26. Nd2 Qd6 27. Ne4 Qe5 28. Qc3 Qh5 29. Qd2 Qg4 30. f3 Qf5 31. h3 Bd7 32. Nc3 Qe5 33. f4 Qd4+ 34. Qxd4 cxd4 35. Ne2 Ne6 36. Bxe6 Bxe6 37. b3 d3 38. Nc3 Bf5 39. g4 Bh7 40. Kf2 d2 41. f5 g6 42. Ke2 gxf5 43. Kxd2 fxg4 44. hxg4 f5 45. gxf5 Bxf5 46. Nd5 Kf7 47. Nxb6 Ke7 48. c5 Be6 49. b4 axb4 50. a5 b3 51. c6 Bf5 52. Kc3 Kd6 53. a6 Be4 54. Kxb3 Bxc6 55. Kc3 h5 56. Kd4 h4 57. Nc4+ Ke6 58. Ne3 h3 59. Nf1 Kf5 60. Ke3 Kg4 1/2-1/2

[Event "CZE-chT2C 1415"]
[Site "Czech Republic"]
[Date "2014.11.16"]
[Round "2.8"]
[White "Skorepa, Tomas"]
[Black "Keller, Daniel"]
[Result "0-1"]
[WhiteElo "1894"]
[BlackElo "2149"]
[PlyCount "140"]
[EventDate "2014.11.02"]
[EventType "team-tourn"]
[EventRounds "11"]
[EventCountry "CZE"]
[SourceTitle "EXT 2022"]
[Source "ChessBase"]
[SourceDate "2021.10.06"]
[SourceVersion "1"]
[SourceVersionDate "2021.10.06"]
[SourceQuality "1"]
[WhiteTeam "Jihlava Silko Gambit"]
[BlackTeam "Kutna Hora"]
[WhiteTeamCountry "CZE"]
[BlackTeamCountry "CZE"]

1. e4 d6 2. d4 Nf6 3. Nc3 c6 4. Nf3 Bg4 5. h3 Bh5 6. Be2 e6 7. Bg5 Be7 8. Qd2 d5 9. exd5 cxd5 10. Bf4 Nc6 11. 0-0 0-0 12. Ne5 Bxe2 13. Nxe2 Ne4 14. Nxc6 bxc6 15. Qe3 Qb6 16. Qb3 c5 17. c3 Rac8 18. Rad1 Rc6 19. dxc5 Nxc5 20. Qc2 Qa6 21. Nd4 Rb6 22. a3 Bf6 23. Rfe1 Qa4 24. Qe2 Qc4 25. b4 Qxe2 26. Nxe2 Ne4 27. Be3 Ra6 28. Nd4 Nxc3 29. Rd3 Rxa3 30. Kf1 Rc8 31. Rc1 Rc4 32. Ne2 Nxe2 33. Rxc4 Ra1+ 34. Kxe2 dxc4 35. Rd7 Ra2+ 36. Kd1 a6 37. Rc7 h6 38. Rxc4 Kh7 39. Rc7 Kg6 40. Ra7 h5 41. Bc5 Be5 42. Kc1 h4 43. Kb1 Ra1+ 44. Kc2 f5 45. Kd3 Bf6 46. Be7 Ra3+ 47. Ke2 Bd4 48. Ra8 Ra2+ 49. Kd3 Bxf2 50. b5 a5 51. Bd8 a4 52. b6 Rb2 53. Rxa4 Bxb6 54. Bxb6 Rxb6 55. Rxh4 Rb2 56. g4 Kg5 57. Rh7 g6 58. gxf5 gxf5 59. Ke3 e5 60. Rh8 f4+ 61. Kf3 Rb3+ 62. Kf2 Kf5 63. h4 Ke4 64. h5 Rb2+ 65. Kg1 Kf3 66. h6 e4 67. h7 Rb7 68. Ra8 Rxh7 69. Ra3+ e3 70. Rb3 Rc7 0-1

[Event "Trebic Highlands op 10th"]
[Site "Trebic"]
[Date "2014.05.24"]
[Round "9"]
[White "Strebkovs, Andrejs"]
[Black "Skorepa, Tomas"]
[Result "1-0"]
[WhiteElo "2356"]
[BlackElo "1812"]
[PlyCount "95"]
[EventDate "2014.05.17"]
[EventType "swiss"]
[EventRounds "9"]
[EventCountry "CZE"]
[SourceTitle "CBM 160 Extra"]
[Source "ChessBase"]
[SourceDate "2014.07.01"]
[SourceVersion "1"]
[SourceVersionDate "2014.07.01"]
[SourceQuality "1"]

1. Nf3 d5 2. d4 Nf6 3. g3 c6 4. c4 e6 5. Qc2 Bd6 6. Bg2 0-0 7. 0-0 Nbd7 8. Nbd2 e5 9. cxd5 Nxd5 10. Nc4 Bc7 11. Rd1 exd4 12. Rxd4 Qf6 13. Rd1 N7b6 14. Nfd2 Re8 15. e4 Nxc4 16. Nxc4 Nb6 17. Na5 Qe7 18. Be3 Bd6 19. a3 Bg4 20. f3 Be6 21. f4 Rad8 22. Bf2 Bb8 23. b4 Bg4 24. Re1 f6 25. Nb3 Qf7 26. Nc5 Re7 27. Rac1 Qh5 28. a4 Kh8 29. a5 Nc8 30. a6 b6 31. Nb7 Rde8 32. Qxc6 Rc7 33. Qd5 Rxc1 34. Rxc1 Qg6 35. h3 Be6 36. Qb5 Qf7 37. Bf1 Bd7 38. Qd3 Qe6 39. Re1 Ba4 40. Rb1 Qc6 41. b5 Qc2 42. Qd7 Rf8 43. Nd8 Nd6 44. Ne6 Rg8 45. Nd4 Qc3 46. e5 fxe5 47. fxe5 Nc4 48. Qc6 1-0

[Event "Trebic Highlands op 10th"]
[Site "Trebic"]
[Date "2014.05.20"]
[Round "5"]
[White "Skorepa, Tomas"]
[Black "Bradac, Roman"]
[Result "1/2-1/2"]
[WhiteElo "1812"]
[BlackElo "2031"]
[PlyCount "74"]
[EventDate "2014.05.17"]
[EventType "swiss"]
[EventRounds "9"]
[EventCountry "CZE"]
[SourceTitle "CBM 160 Extra"]
[Source "ChessBase"]
[SourceDate "2014.07.01"]
[SourceVersion "1"]
[SourceVersionDate "2014.07.01"]
[SourceQuality "1"]

1. e4 c5 2. Nf3 g6 3. d4 cxd4 4. Nxd4 Nc6 5. c4 Nf6 6. Nc3 d6 7. Be2 Nxd4 8. Qxd4 Bg7 9. Bg5 0-0 10. Qd2 Be6 11. Rc1 Qa5 12. f3 Rfc8 13. b3 a6 14. Na4 Qxd2+ 15. Kxd2 Rc6 16. Nc3 Rac8 17. Nd5 Bxd5 18. cxd5 Rxc1 19. Rxc1 Rxc1 20. Kxc1 Kf8 21. Bxf6 Bxf6 22. Kd2 Bd4 23. f4 Ke8 24. Bg4 Kd8 25. Kd3 Bg1 26. h3 Kc7 27. f5 h5 28. fxg6 fxg6 29. Be6 h4 30. Bf7 g5 31. Be6 b5 32. a4 Kb6 33. Bd7 bxa4 34. bxa4 Kc5 35. Bc8 a5 36. Bd7 Kb4 37. Bb5 Kc5 1/2-1/2

[Event "Trebic Highlands op 10th"]
[Site "Trebic"]
[Date "2014.05.18"]
[Round "2"]
[White "Skorepa, Tomas"]
[Black "Machan, Jan"]
[Result "0-1"]
[WhiteElo "1812"]
[BlackElo "2261"]
[PlyCount "52"]
[EventDate "2014.05.17"]
[EventType "swiss"]
[EventRounds "9"]
[EventCountry "CZE"]
[SourceTitle "CBM 160 Extra"]
[Source "ChessBase"]
[SourceDate "2014.07.01"]
[SourceVersion "1"]
[SourceVersionDate "2014.07.01"]
[SourceQuality "1"]

1. e4 e6 2. d4 d5 3. Nd2 Nc6 4. Ngf3 Nf6 5. e5 Nd7 6. c3 f6 7. exf6 Qxf6 8. Nb3 Bd6 9. Bg5 Qf7 10. Be2 0-0 11. 0-0 e5 12. dxe5 Ndxe5 13. Bh4 Ng6 14. Bg3 Nf4 15. Re1 Bg4 16. Nbd2 Rae8 17. h3 Bc8 18. Bb5 Qg6 19. Qb3 Nxh3+ 20. gxh3 Bxg3 21. Qxd5+ Kh8 22. fxg3 Qxg3+ 23. Kh1 Qxh3+ 24. Nh2 Rd8 25. Qc5 Rf5 26. Qc4 Rf2 0-1

[Event "Kouty nad Desnou op-A"]
[Site "Kouty nad Desnou"]
[Date "2014.03.10"]
[Round "3"]
[White "Haring, Viktor"]
[Black "Skorepa, Tomas"]
[Result "1-0"]
[WhiteElo "2109"]
[BlackElo "1783"]
[PlyCount "71"]
[EventDate "2014.03.08"]
[EventType "swiss"]
[EventRounds "9"]
[EventCountry "CZE"]
[SourceTitle "EXT 2015"]
[Source "ChessBase"]
[SourceDate "2014.11.20"]
[SourceVersion "1"]
[SourceVersionDate "2014.11.20"]
[SourceQuality "1"]

1. e4 c5 2. Nf3 d6 3. d4 cxd4 4. Nxd4 Nf6 5. Nc3 a6 6. Be3 e6 7. Be2 Be7 8. f4 Qc7 9. g4 Nc6 10. g5 Nd7 11. Bf3 Rb8 12. a4 0-0 13. h4 Re8 14. h5 Bf8 15. Nb3 b6 16. Qe2 Bb7 17. g6 fxg6 18. hxg6 h6 19. 0-0-0 Nf6 20. Rhe1 Nb4 21. Nd4 e5 22. Nf5 Bc8 23. Qd2 Bxf5 24. exf5 Rbc8 25. Re2 Kh8 26. Kb1 Red8 27. Rh2 Rd7 28. Nd5 Nfxd5 29. Bxd5 Nxd5 30. Qxd5 Qb7 31. Qd3 Ra8 32. f6 gxf6 33. f5 Qf3 34. Rdh1 Kg8 35. Rh3 e4 36. Qd5+ 1-0

[Event "Kouty nad Desnou op-A"]
[Site "Kouty nad Desnou"]
[Date "2014.03.08"]
[Round "1"]
[White "Vanka, Miloslav"]
[Black "Skorepa, Tomas"]
[Result "1-0"]
[WhiteElo "2145"]
[BlackElo "1783"]
[PlyCount "141"]
[EventDate "2014.03.08"]
[EventType "swiss"]
[EventRounds "9"]
[EventCountry "CZE"]
[SourceTitle "EXT 2015"]
[Source "ChessBase"]
[SourceDate "2014.11.20"]
[SourceVersion "1"]
[SourceVersionDate "2014.11.20"]
[SourceQuality "1"]

1. e4 c5 2. Nc3 e6 3. f4 a6 4. Nf3 Qc7 5. g3 b5 6. d3 Bb7 7. Bg2 Nf6 8. 0-0 d6 9. Qe2 Nbd7 10. h3 Be7 11. Bd2 0-0 12. Rae1 Rfe8 13. Qf2 b4 14. Ne2 Qa5 15. g4 Qxa2 16. Ng3 Qxb2 17. Bc1 Qc3 18. g5 a5 19. gxf6 Bxf6 20. Nh5 a4 21. Nxf6+ Qxf6 22. Ng5 Qe7 23. Bb2 f6 24. Nf3 e5 25. Nd2 Nb6 26. Kh2 Bc8 27. Rg1 Be6 28. Bf3 Kh8 29. Bh5 Rf8 30. f5 Bg8 31. Bg6 a3 32. Bc1 Nd7 33. Rg4 Rfb8 34. Reg1 a2 35. Bb2 Nf8 36. Bh5 Rb7 37. Nb3 Qd8 38. R4g2 Rba7 39. Na1 Qc8 40. Bc1 Rc7 41. Qh4 Qd8 42. Rg4 Raa7 43. Bh6 Rd7 44. R1g2 d5 45. Qg3 Qc7 46. Qf2 d4 47. Bxg7+ Rxg7 48. Rxg7 Qxg7 49. Rxg7 Rxg7 50. Be8 Re7 51. Ba4 Ra7 52. Bb3 Bxb3 53. cxb3 Kg7 54. Qc2 Nd7 55. Qc4 Kf8 56. Qe6 Kg7 57. Kg3 Kf8 58. Kf3 Kg7 59. Ke2 h5 60. Kd2 Kf8 61. Kc2 Kg7 62. Kb2 Kf8 63. Nc2 Kg7 64. Ka1 Kf8 65. Ne1 Kg7 66. Nf3 Kf8 67. h4 Kg7 68. Qe7+ Kg8 69. Ng5 fxg5 70. hxg5 h4 71. g6 1-0

[Event "Tabor op"]
[Site "Tabor"]
[Date "2013.07.29"]
[Round "2"]
[White "Skorepa, Tomas"]
[Black "Rolinkova, Lucie"]
[Result "1-0"]
[WhiteElo "1688"]
[BlackElo "1100"]
[PlyCount "111"]
[EventDate "2013.07.28"]
[EventType "swiss"]
[EventRounds "9"]
[EventCountry "CZE"]
[SourceTitle "CBM 155 Extra"]
[Source "ChessBase"]
[SourceDate "2013.08.26"]
[SourceVersion "1"]
[SourceVersionDate "2013.08.26"]
[SourceQuality "1"]

1. e4 e5 2. Nf3 Nc6 3. Bc4 Bc5 4. c3 Nf6 5. d4 exd4 6. e5 d5 7. Bb5 Ne4 8. cxd4 Bb4+ 9. Bd2 Bxd2+ 10. Nbxd2 Bg4 11. Qc2 Bxf3 12. Bxc6+ bxc6 13. Qxc6+ Kf8 14. Nxf3 Rb8 15. b3 Rb6 16. Qc2 Rg6 17. Rg1 Kg8 18. Rc1 Ra6 19. Qxc7 Qxc7 20. Rxc7 h6 21. Rc2 Kh7 22. Ke2 Rb8 23. Rgc1 Rb4 24. g3 Ng5 25. Nxg5+ hxg5 26. Ke3 f5 27. f4 g4 28. Rd2 Kh6 29. Rc5 Rab6 30. Rxd5 Rc6 31. Rc5 Rcb6 32. Rdc2 Ra6 33. Rc6+ Rxc6 34. Rxc6+ g6 35. Rc7 a6 36. d5 Rb8 37. Kd4 g5 38. d6 Rd8 39. Kd5 gxf4 40. gxf4 Kg6 41. e6 Kf6 42. d7 Ke7 43. Rc8 Rxd7+ 44. exd7 Kxd7 45. Rc6 a5 46. Rh6 Ke7 47. Ra6 g3 48. hxg3 a4 49. bxa4 Kf7 50. Ke5 Kg7 51. Kxf5 Kh7 52. Rg6 Kh8 53. Rg5 Kh7 54. Kf6 Kh8 55. Kf7 Kh7 56. Rh5# 1-0

[Event "Morava-ch U16"]
[Site "Kouty nad Desnou"]
[Date "2012.10.25"]
[Round "4"]
[White "Kostka, Vit"]
[Black "Skorepa, Tomas"]
[Result "1/2-1/2"]
[WhiteElo "1836"]
[BlackElo "1695"]
[PlyCount "42"]
[EventDate "2012.10.24"]
[EventType "swiss"]
[EventRounds "9"]
[EventCountry "CZE"]
[SourceTitle "EXT 2015"]
[Source "ChessBase"]
[SourceDate "2014.11.20"]
[SourceVersion "1"]
[SourceVersionDate "2014.11.20"]
[SourceQuality "1"]

1. e4 c5 2. Nf3 a6 3. c3 Nf6 4. Bd3 e6 5. 0-0 d6 6. Bc2 Nc6 7. a3 Be7 8. d4 cxd4 9. cxd4 Bd7 10. Nc3 0-0 11. Qd3 e5 12. d5 Nb8 13. h3 Ne8 14. Nh2 f5 15. f4 fxe4 16. Qxe4 Bf5 17. Qe2 Bxc2 18. Qxc2 Nd7 19. Be3 Nef6 20. Rad1 Rc8 21. Qe2 b5 1/2-1/2

[Event "Morava-ch U16"]
[Site "Kouty nad Desnou"]
[Date "2012.10.24"]
[Round "2"]
[White "Kubosova, Hana"]
[Black "Skorepa, Tomas"]
[Result "1/2-1/2"]
[WhiteElo "1480"]
[BlackElo "1695"]
[PlyCount "70"]
[EventDate "2012.10.24"]
[EventType "swiss"]
[EventRounds "9"]
[EventCountry "CZE"]
[SourceTitle "EXT 2015"]
[Source "ChessBase"]
[SourceDate "2014.11.20"]
[SourceVersion "1"]
[SourceVersionDate "2014.11.20"]
[SourceQuality "1"]

1. d4 d5 2. Bg5 c6 3. e3 Nd7 4. c4 Ngf6 5. Bxf6 Nxf6 6. Nf3 e6 7. Nbd2 Be7 8. Bd3 b6 9. 0-0 0-0 10. a3 Bb7 11. b4 Rc8 12. c5 b5 13. Ra2 Ra8 14. Qa1 Qc7 15. Ne5 Nd7 16. Ndf3 Bf6 17. Nxd7 Qxd7 18. Rc1 a5 19. Rcc2 Qc7 20. Qc3 Rfe8 21. Be2 a4 22. h3 e5 23. dxe5 Bxe5 24. Nd4 Bxd4 25. exd4 Re7 26. Bf3 Rae8 27. Re2 Bc8 28. Qe1 Kf8 29. Rxe7 Rxe7 30. Re2 Bf5 31. Rxe7 Qxe7 32. Qxe7+ Kxe7 33. Kf1 Kf6 34. Ke2 Bd7 35. Ke3 h6 1/2-1/2

[Event "Tabor op"]
[Site "Tabor"]
[Date "2012.08.04"]
[Round "8"]
[White "Skorepa, Tomas"]
[Black "Marik, Miloslav"]
[Result "1/2-1/2"]
[WhiteElo "1679"]
[BlackElo "1948"]
[PlyCount "120"]
[EventDate "2012.07.29"]
[EventType "swiss"]
[EventRounds "9"]
[EventCountry "CZE"]
[SourceTitle "EXT 2013"]
[Source "ChessBase"]
[SourceDate "2012.11.22"]
[SourceVersion "1"]
[SourceVersionDate "2012.11.22"]
[SourceQuality "1"]

1. e4 c5 2. Nf3 Nc6 3. d4 cxd4 4. Nxd4 Nf6 5. Nc3 e5 6. Ndb5 d6 7. Nd5 Nxd5 8. exd5 Ne7 9. c4 Nf5 10. Bd3 Be7 11. 0-0 0-0 12. Qc2 g6 13. b4 a6 14. Nc3 Ng7 15. Kh1 Nh5 16. f4 Nxf4 17. Bxf4 exf4 18. Rxf4 f5 19. Re1 Bd7 20. Ne2 Bg5 21. Rff1 Bf6 22. Nf4 Be5 23. Qb3 Rc8 24. c5 Re8 25. c6 Bxf4 26. Rxe8+ Bxe8 27. Rxf4 Qc7 28. b5 axb5 29. Bxb5 bxc6 30. Bxc6 Rb8 31. Qc2 Bxc6 32. h3 Qe7 33. dxc6 Qe1+ 34. Kh2 Qe5 35. Qc4+ Kf8 36. c7 Rc8 37. Kh1 Qc5 38. Qa6 Rxc7 39. Rf1 Ra7 40. Qe2 Qe5 41. Qf2 Re7 42. g4 Rf7 43. Qh4 Kg7 44. gxf5 Rxf5 45. Rxf5 gxf5 46. Qg5+ Kf7 47. Qh5+ Ke6 48. Qxh7 Qa1+ 49. Kg2 Qxa2+ 50. Kg3 Qb3+ 51. Kf4 Qb4+ 52. Kg3 Qe1+ 53. Kh2 Qf2+ 54. Kh1 Qg3 55. Qh5 Qe1+ 56. Kh2 Qe5+ 57. Kh1 f4 58. Qe8+ Kd5 59. Qb5+ Ke4 60. Qe2+ Kf5 1/2-1/2

[Event "Tabor op"]
[Site "Tabor"]
[Date "2012.08.01"]
[Round "5"]
[White "Skorepa, Tomas"]
[Black "Slajs, Vlastimil"]
[Result "1/2-1/2"]
[WhiteElo "1679"]
[BlackElo "1947"]
[PlyCount "57"]
[EventDate "2012.07.29"]
[EventType "swiss"]
[EventRounds "9"]
[EventCountry "CZE"]
[SourceTitle "EXT 2013"]
[Source "ChessBase"]
[SourceDate "2012.11.22"]
[SourceVersion "1"]
[SourceVersionDate "2012.11.22"]
[SourceQuality "1"]

1. e4 e5 2. Nf3 Nc6 3. Bc4 Nf6 4. Ng5 d5 5. exd5 Na5 6. Bb5+ Bd7 7. Qe2 Bd6 8. Nc3 0-0 9. Bxd7 Qxd7 10. a3 b6 11. d3 h6 12. Nge4 Be7 13. Qf3 Nxe4 14. dxe4 f5 15. 0-0 f4 16. b3 Kh7 17. Rd1 Nb7 18. Rd3 g5 19. h3 Bd6 20. Bb2 Qf7 21. g4 fxg3 22. Qxf7+ Rxf7 23. Rxg3 Bc5 24. Rf1 Nd6 25. Kg2 Bd4 26. Rd3 Raf8 27. f3 b5 28. Rh1 Kg6 29. Nd1 1/2-1/2

[Event "Tabor op"]
[Site "Tabor"]
[Date "2012.07.30"]
[Round "2"]
[White "Konvicka, Martin"]
[Black "Skorepa, Tomas"]
[Result "1-0"]
[WhiteElo "1923"]
[BlackElo "1679"]
[PlyCount "58"]
[EventDate "2012.07.29"]
[EventType "swiss"]
[EventRounds "9"]
[EventCountry "CZE"]
[SourceTitle "EXT 2013"]
[Source "ChessBase"]
[SourceDate "2012.11.22"]
[SourceVersion "1"]
[SourceVersionDate "2012.11.22"]
[SourceQuality "1"]

1. e4 c5 2. Nf3 e6 3. d4 cxd4 4. Nxd4 a6 5. Bd3 Nf6 6. 0-0 Qc7 7. Qe2 d6 8. Nc3 Be7 9. Bd2 b5 10. a4 b4 11. Na2 d5 12. e5 Nfd7 13. Rfe1 Qb6 14. Qg4 g6 15. a5 Qxa5 16. Nxb4 Qb6 17. Nf3 Bc5 18. Re2 a5 19. Ng5 h5 20. Qf4 Rf8 21. Nxf7 g5 22. Qxg5 Rxf7 23. Nxd5 exd5 24. e6 Re7 25. exd7+ Kxd7 26. Rxe7+ Bxe7 27. Qxd5+ Kc7 28. Qxa5 Bb7 29. Qxa8 Bxa8 1-0